[Event "Championnat de France - Accession"]
[Site "Belfort - SNPHHUATVS"]
[Date "2010.??.??"]
[Round "3.19"]
[White "Fantinel, Thibault"]
[Black "Dubessay, Bastien"]
[Result "1/2-1/2"]
[WhiteElo "2209"]
[BlackElo "2272"]
[PlyCount "139"]

1. e4 c5 2. Nf3 d6 3. c3 Nf6 4. h3 g6 5. Bd3 Bg7 6. O-O O-O 7. Bc2 Nc6 8. d4
cxd4 9. cxd4 e5 10. d5 Nd4 11. Nxd4 exd4 12. Nd2 Nd7 13. Nf3 Qb6 14. Rb1 Nc5
15. Nxd4 Re8 16. Be3 Qd8 17. f3 a5 18. Qd2 Bd7 19. Rbe1 Qb6 20. Nb3 Nxb3 21.
Bxb3 Qb4 22. Qxb4 axb4 23. Rc1 Ba4 24. Bd2 Bd4+ 25. Kh1 Bc5 26. Rfe1 f6 27. Kh2
h5 28. f4 b6 29. g3 Bxb3 30. axb3 Ra2 31. Rc2 Rea8 32. Kg2 R8a3 33. e5 fxe5 34.
fxe5 dxe5 35. Rxe5 Rxb3 36. Bc1 Kf7 37. Rce2 Ra1 38. Re1 Bd6 39. Rf1+ Kg7 40.
Re3 Rxe3 41. Bxe3 Rxf1 42. Kxf1 Kf6 43. Kg2 Ke5 44. Kf3 Kxd5 45. b3 Bc5 46. Bd2
Kd4 47. Ke2 Ke4 48. g4 hxg4 49. hxg4 Bd6 50. Be3 Bc5 51. Bd2 Be7 52. Be3 Bf6
53. Bd2 Be5 54. Be3 Bc3 55. Bg5 b5 56. Be3 Bd4 57. Bd2 Bc5 58. Bg5 Bf8 59. Be3
Be7 60. Bd2 Bd6 61. Be3 Bf4 62. Bc5 Bc1 63. Bd6 g5 64. Bg3 Ba3 65. Bd6 Bb2 66.
Bg3 Bc3 67. Bd6 Bf6 68. Bg3 Be7 69. Bc7 Kd4 70. Kd2 1/2-1/2

[Event "Championnat de France - Accession"]
[Site "Belfort - SNPHHUATVS"]
[Date "2010.??.??"]
[Round "3.20"]
[White "Bodenez, Vincent"]
[Black "Blum, Nicolas"]
[Result "1/2-1/2"]
[WhiteElo "2177"]
[BlackElo "2263"]
[PlyCount "37"]

1. e4 c6 2. d4 g6 3. Nc3 Bg7 4. Be3 d5 5. f3 Nf6 6. e5 Nfd7 7. Qd2 Nf8 8. Bh6
Ne6 9. O-O-O Qb6 10. Nge2 Na6 11. g4 Bd7 12. Bxg7 Nxg7 13. Qh6 Ne6 14. f4 O-O-O
15. f5 Nec7 16. Ng3 c5 17. Bxa6 Qxa6 18. dxc5 Qc4 19. Qe3 1/2-1/2

[Event "Championnat de France - Accession"]
[Site "Belfort - SNPHHUATVS"]
[Date "2010.??.??"]
[Round "4.1"]
[White "Friess, Nicolas"]
[Black "Netzer, Jacques"]
[Result "1-0"]
[WhiteElo "2246"]
[BlackElo "2208"]
[PlyCount "121"]

1. d4 Nf6 2. c4 g6 3. Nc3 Bg7 4. e4 d6 5. f3 O-O 6. Be3 c5 7. dxc5 dxc5 8. Qxd8
Rxd8 9. Bxc5 Nc6 10. Nge2 Nd7 11. Be3 Nde5 12. Nf4 b6 13. Rc1 Ba6 14. b3 e6 15.
Be2 Nb4 16. O-O g5 17. Nh5 Ned3 18. Bxd3 Nxd3 19. Nxg7 Nxc1 20. Nxe6 fxe6 21.
Rxc1 h6 22. Kf2 Rac8 23. a4 Kf7 24. e5 Rd3 25. Ne4 Rxb3 26. Nd6+ Kg6 27. Nxc8
Rb2+ 28. Kg3 Bxc8 29. c5 b5 30. axb5 Rxb5 31. Rd1 Rb3 32. Bg1 Bb7 33. Rd6 Kf5
34. c6 Kxe5 35. Bc5 Ba6 36. c7 Bc8 37. Rd8 Bb7 38. c8=Q Bxc8 39. Rxc8 a5 40.
Bf8 h5 41. Rc5+ Kf6 42. Rxa5 e5 43. Ra6+ Kf5 44. Be7 h4+ 45. Kh3 e4 46. Ra5+
Ke6 47. Bxg5 exf3 48. gxf3 Rxf3+ 49. Kxh4 Kf7 50. Kg4 Rb3 51. h4 Kg6 52. Ra6+
Kh7 53. Ra7+ Kh8 54. Bf6+ Kg8 55. h5 Rb1 56. Kf5 Rf1+ 57. Kg6 Rg1+ 58. Bg5 Rf1
59. Ra8+ Rf8 60. Rxf8+ Kxf8 61. Bf6 1-0

[Event "Championnat de France - Accession"]
[Site "Belfort - SNPHHUATVS"]
[Date "2010.??.??"]
[Round "4.2"]
[White "Favarel, Julien"]
[Black "Moussard, Jules"]
[Result "1/2-1/2"]
[WhiteElo "2279"]
[BlackElo "2372"]
[PlyCount "96"]

1. d4 Nf6 2. c4 g6 3. Nc3 Bg7 4. e4 d6 5. f3 O-O 6. Be3 c5 7. dxc5 dxc5 8. Qxd8
Rxd8 9. Bxc5 Nc6 10. Nge2 Nd7 11. Be3 Nde5 12. Nf4 Nb4 13. Kf2 Nc2 14. Rd1 Rxd1
15. Nxd1 Nxe3 16. Nxe3 Nc6 17. b3 a5 18. Nfd5 Bd4 19. Be2 Bc5 20. Rd1 e6 21.
Nc7 Rb8 22. Bd3 Kf8 23. Nb5 Ke7 24. Ke2 Bd7 25. g3 h5 26. h4 a4 27. bxa4 Nb4
28. Bb1 Ra8 29. a3 Nc6 30. Bc2 Rc8 31. Bb3 Na5 32. Ba2 f6 33. f4 Bxe3 34. Kxe3
Nxc4+ 35. Bxc4 Rxc4 36. Rd4 Rc1 37. Rb4 Bc6 38. Na7 Rc3+ 39. Kd4 Rxg3 40. Nxc6+
bxc6 41. Kc5 Rc3+ 42. Kb6 c5 43. Rb5 Rxa3 44. a5 c4 45. a6 c3 46. a7 Kd7 47.
Rc5 Rb3+ 48. Ka6 Ra3+ 1/2-1/2

[Event "Championnat de France - Accession"]
[Site "Belfort - SNPHHUATVS"]
[Date "2010.??.??"]
[Round "4.3"]
[White "Sochacki, Christophe"]
[Black "Sochacki, Wojtek"]
[Result "1/2-1/2"]
[WhiteElo "2365"]
[BlackElo "2268"]
[PlyCount "92"]

1. e4 c5 2. Nf3 d6 3. d4 cxd4 4. Nxd4 Nf6 5. Nc3 Nc6 6. Bc4 Qb6 7. Nb3 a6 8.
O-O e6 9. Be3 Qc7 10. a4 Ne5 11. Be2 Nc4 12. Bxc4 Qxc4 13. Qd3 Qxd3 14. cxd3
Be7 15. Rfc1 Bd8 16. Nd2 d5 17. exd5 exd5 18. Bc5 Be7 19. Ne2 Bxc5 20. Rxc5 O-O
21. Nd4 Re8 22. Rc7 Rb8 23. N2b3 Bd7 24. Nc5 Rbc8 25. Rxd7 b6 26. Nb7 Nxd7 27.
Nd6 Red8 28. Nxc8 Rxc8 29. Kf1 Kf8 30. Ke2 g6 31. Kd2 Ke7 32. b4 Kd6 33. a5 b5
34. Rc1 Rxc1 35. Kxc1 Ke5 36. Nf3+ Kd6 37. Kd2 f6 38. Nd4 Ke5 39. Ke3 Nb8 40.
f4+ Kd6 41. Kd2 Nc6 42. Kc3 Nxd4 43. Kxd4 h6 44. h4 h5 45. f5 g5 46. Ke3 g4
1/2-1/2

[Event "Championnat de France - Accession"]
[Site "Belfort - SNPHHUATVS"]
[Date "2010.??.??"]
[Round "4.5"]
[White "Lamard, Guillaume"]
[Black "Ollier, Pablo"]
[Result "1/2-1/2"]
[WhiteElo "2143"]
[BlackElo "2293"]
[PlyCount "53"]

1. d4 Nf6 2. c4 e6 3. g3 d5 4. Nf3 dxc4 5. Bg2 Bb4+ 6. Bd2 c5 7. Qc2 Bxd2+ 8.
Nbxd2 cxd4 9. Nxc4 Nc6 10. O-O d3 11. Qxd3 Qxd3 12. exd3 Ke7 13. Rac1 Nb4 14.
Nce5 Nbd5 15. Ng5 h6 16. Ne4 Rd8 17. Rfd1 Nd7 18. d4 N7b6 19. Nc3 f6 20. Nd3
Nxc3 21. bxc3 Nc4 22. Nc5 Rb8 23. Re1 b6 24. Rb1 Kf7 25. Rb4 Nd6 26. Bh3 e5 27.
Bg2 1/2-1/2

[Event "Championnat de France - Accession"]
[Site "Belfort - SNPHHUATVS"]
[Date "2010.??.??"]
[Round "4.7"]
[White "Shirazi, Kamran"]
[Black "Le Ruyet, Leopold"]
[Result "1-0"]
[WhiteElo "2428"]
[BlackElo "2188"]
[PlyCount "69"]

1. e4 c5 2. Nf3 d6 3. d4 cxd4 4. Nxd4 Nf6 5. Nc3 a6 6. f4 Qc7 7. Bd3 Nc6 8.
Nxc6 bxc6 9. O-O e5 10. Kh1 exf4 11. Bxf4 Be7 12. Na4 O-O 13. c4 Qb7 14. e5
dxe5 15. Bxe5 Ng4 16. Bf4 Be6 17. h3 Nf6 18. Qc2 h6 19. Rf3 c5 20. Raf1 Rad8
21. b3 Nh5 22. Be4 Qb4 23. Bh2 Bd6 24. Bxd6 Rxd6 25. Qf2 Rd4 26. Bf5 Bxc4 27.
bxc4 Qxa4 28. Be6 Nf6 29. Rxf6 gxf6 30. Qxf6 Qe8 31. Qg6+ Kh8 32. Qxh6+ Kg8 33.
Qg5+ Kh8 34. Qh6+ Kg8 35. Bf5 1-0

[Event "Championnat de France - Accession"]
[Site "Belfort - SNPHHUATVS"]
[Date "2010.??.??"]
[Round "4.8"]
[White "Houard, Yannick"]
[Black "Forthofer, Robert"]
[Result "1/2-1/2"]
[WhiteElo "2238"]
[BlackElo "2303"]
[PlyCount "32"]

1. e4 e6 2. d4 d5 3. Nd2 c5 4. exd5 Qxd5 5. Ngf3 cxd4 6. Bc4 Qd6 7. Qe2 Nf6 8.
Nb3 Nc6 9. Bg5 Qc7 10. O-O-O Bd7 11. Nbxd4 Nxd4 12. Nxd4 O-O-O 13. Nb5 Bxb5 14.
Rxd8+ Qxd8 15. Bxb5 Qd5 16. Qc4+ Qxc4 1/2-1/2

[Event "Championnat de France - Accession"]
[Site "Belfort - SNPHHUATVS"]
[Date "2010.??.??"]
[Round "4.9"]
[White "Monsieux, Cyril"]
[Black "Cappon, John"]
[Result "1/2-1/2"]
[WhiteElo "2300"]
[BlackElo "2229"]
[PlyCount "53"]

1. e4 e6 2. d4 d5 3. Nd2 dxe4 4. Nxe4 Bd7 5. Nf3 Bc6 6. Bd3 Nd7 7. Qe2 Ngf6 8.
Ng3 Be7 9. Bd2 Bxf3 10. Qxf3 c6 11. O-O Nf8 12. c3 Ng6 13. Rfd1 Qc7 14. c4 Rd8
15. Bc3 O-O 16. Rac1 Nh4 17. Qe2 Rfe8 18. Ne4 Ng6 19. Qe1 Ng4 20. g3 b6 21. h3
Nh6 22. Bf1 f5 23. Nd2 Bf6 24. Nb3 Nf7 25. f4 h5 26. h4 Nh6 27. Bg2 1/2-1/2

[Event "Championnat de France - Accession"]
[Site "Belfort - SNPHHUATVS"]
[Date "2010.??.??"]
[Round "4.10"]
[White "Buscara, Sevan"]
[Black "Etrog, Jonathan"]
[Result "1/2-1/2"]
[WhiteElo "2259"]
[BlackElo "2164"]
[PlyCount "30"]

1. d4 Nf6 2. Bf4 c5 3. e3 cxd4 4. exd4 Qb6 5. Nc3 d6 6. Nf3 Bf5 7. Bb5+ Nbd7 8.
O-O e6 9. Re1 Be7 10. d5 e5 11. Nxe5 dxe5 12. Rxe5 Ng4 13. Rxf5 Nxf2 14. Qe2
Nh3+ 15. Kh1 Nf2+ 1/2-1/2

[Event "Championnat de France - Accession"]
[Site "Belfort - SNPHHUATVS"]
[Date "2010.??.??"]
[Round "4.11"]
[White "Delorme, Laurie"]
[Black "Mancini, Mario"]
[Result "0-1"]
[WhiteElo "2237"]
[BlackElo "2256"]
[PlyCount "48"]

1. d4 Nf6 2. c4 e6 3. Nf3 b6 4. g3 Ba6 5. b3 Bb4+ 6. Bd2 Be7 7. Bg2 d5 8. Bc3
O-O 9. Nbd2 Bb7 10. O-O Na6 11. Ne5 c5 12. dxc5 Nxc5 13. cxd5 Nxd5 14. Bb2 Bf6
15. Ne4 Nxe4 16. Bxe4 Nc3 17. Bxh7+ Kxh7 18. Bxc3 Rc8 19. Bb2 Kg8 20. Rb1 Qxd1
21. Rfxd1 Rc2 22. Ba1 Bxe5 23. Bxe5 Rxe2 24. Rd7 Bc8 0-1

[Event "Championnat de France - Accession"]
[Site "Belfort - SNPHHUATVS"]
[Date "2010.??.??"]
[Round "4.12"]
[White "Bonn, Thomas"]
[Black "Joie, Sebastien"]
[Result "1/2-1/2"]
[WhiteElo "2250"]
[BlackElo "2142"]
[PlyCount "49"]

1. e4 e5 2. Nf3 Nc6 3. Bb5 a6 4. Ba4 Nf6 5. O-O Be7 6. d4 exd4 7. e5 Ne4 8. Re1
Nc5 9. Bxc6 dxc6 10. Nxd4 O-O 11. Nc3 f6 12. e6 f5 13. Nxf5 Rxf5 14. Qxd8+ Bxd8
15. e7 Bxe7 16. Rxe7 Ne6 17. Re8+ Kf7 18. Rh8 Nf8 19. Be3 b6 20. Rd1 Bb7 21.
Ne4 h6 22. Bxb6 Re5 23. Nc5 Rd8 24. Rxf8+ Rxf8 25. Nd7 1/2-1/2

[Event "Championnat de France - Accession"]
[Site "Belfort - SNPHHUATVS"]
[Date "2010.??.??"]
[Round "4.13"]
[White "Di Nicolantonio, Lucas"]
[Black "Nass, Emile"]
[Result "1-0"]
[WhiteElo "2204"]
[BlackElo "2248"]
[PlyCount "56"]

1. e4 e6 2. d4 d5 3. e5 c5 4. c3 Nc6 5. Nf3 Bd7 6. Be2 Nge7 7. Na3 cxd4 8. cxd4
Nf5 9. Nc2 Be7 10. O-O a5 11. Bd2 Qb6 12. Bc3 Nb4 13. a3 Nxc2 14. Qxc2 O-O 15.
Bd3 h6 16. Kh1 Nh4 17. Nxh4 Bxh4 18. Qe2 Be7 19. f4 f6 20. Qg4 f5 21. Qe2 Rf7
22. g4 Raf8 23. Rg1 Kh8 24. Rg2 Rg8 25. Re1 Bh4 26. Reg1 g5 27. gxf5 exf5 28.
Qh5 Rh7 1-0

[Event "Championnat de France - Accession"]
[Site "Belfort - SNPHHUATVS"]
[Date "2010.??.??"]
[Round "4.14"]
[White "Brethes, Francois"]
[Black "Bouget, Alexandre"]
[Result "1-0"]
[WhiteElo "2238"]
[BlackElo "2140"]
[PlyCount "87"]

1. d4 Nf6 2. c4 g6 3. Nc3 d5 4. Nf3 Bg7 5. Qb3 dxc4 6. Qxc4 O-O 7. e4 a6 8. e5
b5 9. Qb3 Nfd7 10. e6 fxe6 11. Be3 Nb6 12. h4 Nc6 13. h5 Nxd4 14. Nxd4 Bxd4 15.
hxg6 hxg6 16. Rd1 c5 17. Qc2 Rf5 18. g4 Bb7 19. Ne4 Bxe4 20. Qxe4 Qd5 21. Bg2
Qxe4 22. Bxe4 Re5 23. Bxa8 Nxa8 24. Ke2 Nb6 25. Kf3 Bxe3 26. fxe3 Rd5 27. e4
Rd6 28. Kf4 Kg7 29. Rxd6 exd6 30. Rd1 d5 31. Ke5 Kf7 32. exd5 Nxd5 33. Kd6 Ne3
34. Rg1 c4 35. g5 b4 36. Re1 Nd5 37. Rf1+ Kg7 38. Kxe6 Nc7+ 39. Kd6 Nb5+ 40.
Kc5 c3 41. Kxb4 cxb2 42. Rb1 Kf7 43. Rxb2 Ke6 44. Rf2 1-0

[Event "Championnat de France - Accession"]
[Site "Belfort - SNPHHUATVS"]
[Date "2010.??.??"]
[Round "4.15"]
[White "Ludwig, Remi"]
[Black "Bujisho, Benjamin"]
[Result "0-1"]
[WhiteElo "2230"]
[BlackElo "2418"]
[PlyCount "49"]

1. d4 d5 2. c4 dxc4 3. Nf3 Nf6 4. e3 e6 5. Bxc4 c5 6. O-O a6 7. a4 Nc6 8. Nc3
Qc7 9. Qe2 Bd6 10. Rd1 O-O 11. h3 h6 12. d5 exd5 13. Nxd5 Nxd5 14. Bxd5 Bd7 15.
e4 Rae8 16. Be3 Bc8 17. Rd2 Nb4 18. Rad1 Bf4 19. Qc4 Bxe3 20. fxe3 Qg3 21. a5
Nxd5 22. exd5 Rxe3 23. Nh2 Re1+ 24. Rxe1 Qxe1+ 25. Nf1 0-1

[Event "Championnat de France - Accession"]
[Site "Belfort - SNPHHUATVS"]
[Date "2010.??.??"]
[Round "4.16"]
[White "Demuth, Adrien"]
[Black "Platel, Alexandre"]
[Result "1/2-1/2"]
[WhiteElo "2394"]
[BlackElo "2237"]
[PlyCount "39"]

1. d4 Nf6 2. c4 g6 3. Nc3 d5 4. cxd5 Nxd5 5. e4 Nxc3 6. bxc3 Bg7 7. Nf3 c5 8.
Rb1 O-O 9. Be2 Qc7 10. O-O Rd8 11. Be3 Nc6 12. d5 b6 13. Qc1 Ne5 14. c4 f5 15.
Nxe5 Qxe5 16. f4 Qxe4 17. Rb3 Ba6 18. Re1 Bd4 19. Bf1 Qxf4 20. Kh1 1/2-1/2

[Event "Championnat de France - Accession"]
[Site "Belfort - SNPHHUATVS"]
[Date "2010.??.??"]
[Round "4.17"]
[White "Migot, Tangi"]
[Black "Song, Julien"]
[Result "0-1"]
[WhiteElo "2229"]
[BlackElo "2347"]
[PlyCount "82"]

1. e4 e6 2. d4 d5 3. Nc3 h6 4. Nf3 Nf6 5. e5 Ne4 6. Bd3 Bb4 7. Bd2 Nxd2 8. Qxd2
c5 9. a3 Bxc3 10. Qxc3 c4 11. Be2 Nc6 12. h4 b5 13. Qd2 a5 14. Rh3 Qe7 15. Rg3
Rg8 16. c3 Ba6 17. Qxh6 gxh6 18. Rxg8+ Kd7 19. Rxa8 Bc8 20. b4 a4 21. g4 Kc7
22. O-O-O Kb7 23. Rxc8 Kxc8 24. Rg1 Qf8 25. h5 f6 26. exf6 Qxf6 27. g5 Qf4+ 28.
Kd1 hxg5 29. Rxg5 Qe4 30. Nd2 Qh1+ 31. Kc2 Kc7 32. Bg4 e5 33. Rg7+ Kb6 34. Bf3
Qa1 35. dxe5 d4 36. Nb1 d3+ 37. Kc1 d2+ 38. Kxd2 Qxb1 39. Bxc6 Qd3+ 40. Ke1
Qxc3+ 41. Kf1 Kxc6 0-1

[Event "Championnat de France - Accession"]
[Site "Belfort - SNPHHUATVS"]
[Date "2010.??.??"]
[Round "4.18"]
[White "Lerch, Patrice"]
[Black "Fantinel, Thibault"]
[Result "1/2-1/2"]
[WhiteElo "2340"]
[BlackElo "2209"]
[PlyCount "61"]

1. e4 e6 2. d4 d5 3. e5 c5 4. c3 Nc6 5. Nf3 Nh6 6. Bxh6 gxh6 7. Qd2 f6 8. Bb5
cxd4 9. cxd4 Bg7 10. Nc3 O-O 11. Bxc6 bxc6 12. exf6 Qxf6 13. O-O h5 14. Rfe1
Bh6 15. Qe2 Bf4 16. Na4 a5 17. Nc5 Ra7 18. Ne5 Rg7 19. g3 h4 20. Kg2 h5 21.
Rad1 hxg3 22. hxg3 h4 23. Rg1 hxg3 24. f3 Bxe5 25. dxe5 Qg5 26. Rde1 Rh7 27.
Rh1 Rff7 28. Qe3 Qg6 29. Qd3 Qg5 30. Qe3 Qg6 31. Qd3 1/2-1/2

[Event "Championnat de France - Accession"]
[Site "Belfort - SNPHHUATVS"]
[Date "2010.??.??"]
[Round "4.20"]
[White "Letemple, Frederic"]
[Black "Manoeuvre, Antoine"]
[Result "1/2-1/2"]
[WhiteElo "2011"]
[BlackElo "2271"]
[PlyCount "87"]

1. d4 Nf6 2. Bg5 c5 3. dxc5 Qa5+ 4. Qd2 Qxc5 5. Nc3 e6 6. e4 Be7 7. Nf3 Nc6 8.
Bd3 a6 9. a3 Qa5 10. O-O O-O 11. b4 Qc7 12. b5 axb5 13. Nxb5 Qa5 14. Qxa5 Rxa5
15. e5 Nd5 16. c4 Nb6 17. Bxe7 Nxe7 18. Rfb1 Na4 19. Nd6 Nc6 20. Rb5 Nc5 21.
Rxa5 Nxa5 22. Be2 Nc6 23. Rb1 f6 24. exf6 gxf6 25. Bd1 f5 26. Bc2 Rd8 27. Rb5
b6 28. Rxb6 Ba6 29. h3 Kf8 30. Rb1 Ke7 31. Nb5 Rb8 32. a4 Na5 33. Nd2 h6 34.
Re1 Kf6 35. f4 Rg8 36. Re5 Bb7 37. Re2 Bc6 38. Kh2 Ra8 39. Re3 Nab7 40. Ra3 Na5
41. Bd1 Nab7 42. h4 Na5 43. Rg3 Nab7 44. Ra3 1/2-1/2

[Event "Championnat de France - Accession"]
[Site "Belfort - SNPHHUATVS"]
[Date "2010.??.??"]
[Round "5.1"]
[White "Shirazi, Kamran"]
[Black "Friess, Nicolas"]
[Result "0-1"]
[WhiteElo "2428"]
[BlackElo "2246"]
[PlyCount "86"]

1. e4 e6 2. d4 d5 3. Nc3 Bb4 4. Nge2 Nf6 5. a3 Bxc3+ 6. Nxc3 Nxe4 7. Qg4 O-O 8.
Nxe4 f5 9. Qg3 fxe4 10. Bf4 e5 11. Bxe5 Rf7 12. O-O-O Nc6 13. Bf4 Qf6 14. Bxc7
Bg4 15. f3 Bh5 16. Be5 Qh6+ 17. Kb1 exf3 18. gxf3 Bxf3 19. Bg2 Bxd1 20. Rxd1
Rd8 21. Bf3 Kh8 22. Bc7 Rdd7 23. Re1 Qf6 24. Bg4 Rde7 25. Be5 Qf2 26. Qc3 Nxd4
27. Bd1 Nc6 28. Bg3 Rxe1 29. Bxf2 Rxd1+ 30. Ka2 Rxf2 31. Qg3 Rf7 32. Qg4 Rdf1
33. Qc8+ Rf8 34. Qxb7 R1f6 35. b4 a6 36. Kb3 a5 37. c3 d4 38. b5 Rb8 39. Qa6 d3
40. b6 Nd4+ 41. Ka4 d2 42. Qd3 Nf3 43. c4 Rfxb6 0-1

[Event "Championnat de France - Accession"]
[Site "Belfort - SNPHHUATVS"]
[Date "2010.??.??"]
[Round "5.2"]
[White "Moussard, Jules"]
[Black "Valles, Manuel"]
[Result "1-0"]
[WhiteElo "2372"]
[BlackElo "2242"]
[PlyCount "189"]

1. e4 c5 2. Nf3 Nc6 3. d4 cxd4 4. Nxd4 Nf6 5. Nc3 e6 6. Ndb5 d6 7. Bf4 e5 8.
Bg5 a6 9. Na3 b5 10. Bxf6 gxf6 11. Nd5 Bg7 12. c3 f5 13. Bd3 Be6 14. Nxb5 axb5
15. Bxb5 Bd7 16. exf5 Nb8 17. Qg4 O-O 18. O-O Kh8 19. a4 Bxb5 20. axb5 Nd7 21.
b4 e4 22. Qxe4 Rxa1 23. Rxa1 Nf6 24. Nxf6 Bxf6 25. Qd3 Qc7 26. Rc1 Rb8 27. g3
Qd7 28. c4 d5 29. Rd1 d4 30. Re1 Re8 31. Rxe8+ Qxe8 32. Kf1 Qa8 33. c5 Qa1+ 34.
Ke2 Qa4 35. Qc4 d3+ 36. Kxd3 Qd1+ 37. Ke3 Bg5+ 38. f4 Qe1+ 39. Qe2 Qc3+ 40. Qd3
Qc1+ 41. Kf3 Bf6 42. Kg2 Qb2+ 43. Kh3 Qxb4 44. c6 Qc5 45. Kg2 Kg7 46. h4 h5 47.
Qe2 Kh6 48. Kh2 Bd8 49. Qb2 Kh7 50. Qe2 Kh8 51. Qb2+ Kh7 52. Qa2 Kg7 53. Qa4
Kh7 54. Qd1 Kh6 55. Qd3 Bb6 56. Kg2 Qf2+ 57. Kh3 Qg1 58. Qf3 Qb1 59. Qe2 Qh1+
60. Qh2 Qf1+ 61. Qg2 Qxb5 62. Kh2 Qc5 63. Qe4 Qg1+ 64. Kh3 Qf1+ 65. Qg2 Qd3 66.
Kh2 Qxf5 67. Qb2 Qc5 68. Qf6+ Kh7 69. Qxf7+ Kh6 70. Qe6+ Kg7 71. Kh3 Qd4 72.
Qe7+ Kg8 73. Qe8+ Kg7 74. Qxh5 Qg1 75. Qg4+ Kf7 76. Qd7+ Kf6 77. Qd6+ Kf7 78.
h5 Bc5 79. Qg6+ Kf8 80. Qf5+ Kg7 81. Qe5+ Kf7 82. c7 Be7 83. Qf5+ Bf6 84. Qd7+
Be7 85. c8=Q Qf1+ 86. Kg4 Qe2+ 87. Kf5 Qxh5+ 88. Ke4 Qe2+ 89. Kd5 Qg2+ 90. Kc4
Qa2+ 91. Kb5 Qb3+ 92. Ka6 Qa3+ 93. Kb7 Qb4+ 94. Ka8 Qa5+ 95. Kb8 1-0

[Event "Championnat de France - Accession"]
[Site "Belfort - SNPHHUATVS"]
[Date "2010.??.??"]
[Round "5.3"]
[White "Mancini, Mario"]
[Black "Sochacki, Christophe"]
[Result "1/2-1/2"]
[WhiteElo "2256"]
[BlackElo "2365"]
[PlyCount "85"]

1. d4 Nf6 2. c4 c5 3. d5 b5 4. Nf3 bxc4 5. Nc3 d6 6. e4 g6 7. Bxc4 Bg7 8. O-O
O-O 9. h3 Ba6 10. Nd2 Bxc4 11. Nxc4 Nbd7 12. Bg5 Nb6 13. Na5 Nbxd5 14. Nxd5
Qxa5 15. Nxe7+ Kh8 16. Qf3 Nd7 17. Rad1 Ne5 18. Qe2 f6 19. Bf4 Rae8 20. Bxe5
dxe5 21. Nd5 Qxa2 22. Ra1 Qb3 23. Rxa7 Rb8 24. Rc1 Rfc8 25. Ne7 Re8 26. Rxc5
Bf8 27. Rcc7 Bxe7 28. Rxe7 Rxe7 29. Rxe7 Qxb2 30. Qe3 Rc8 31. Qa7 Qc1+ 32. Kh2
Qh6 33. g3 Rf8 34. Qc7 g5 35. Rf7 Kg8 36. Rxf8+ Kxf8 37. Qc8+ Ke7 38. Qc7+ Ke6
39. Qc6+ Ke7 40. Qc7+ Ke6 41. Qc6+ Ke7 42. Qc7+ Ke6 43. Qc6+ 1/2-1/2

[Event "Championnat de France - Accession"]
[Site "Belfort - SNPHHUATVS"]
[Date "2010.??.??"]
[Round "5.4"]
[White "Saucey, Michel"]
[Black "Brethes, Francois"]
[Result "1-0"]
[WhiteElo "2306"]
[BlackElo "2238"]
[PlyCount "71"]

1. d4 d6 2. g3 Nf6 3. Bg2 g6 4. c4 Bg7 5. Nc3 O-O 6. Nf3 Nbd7 7. O-O e5 8. e4
c6 9. h3 Re8 10. Be3 Qc7 11. Qc2 a6 12. Rfd1 b5 13. c5 dxc5 14. dxe5 Nxe5 15.
Nxe5 Qxe5 16. Bf4 Qe7 17. Bd6 Qb7 18. Bxc5 Be6 19. Rac1 b4 20. Na4 b3 21. Qd2
bxa2 22. Nb6 Nd7 23. Nxd7 Bxd7 24. b3 a1=Q 25. Rxa1 Bxa1 26. Rxa1 Be6 27. b4
Qd7 28. Qh6 Bc4 29. Qf4 Qe6 30. Bd4 Rad8 31. Bf6 Qd6 32. e5 Qd2 33. Qxc4 Qb2
34. Rxa6 Rd2 35. Qxc6 Rf8 36. Ra8 1-0

[Event "Championnat de France - Accession"]
[Site "Belfort - SNPHHUATVS"]
[Date "2010.??.??"]
[Round "5.5"]
[White "Ollier, Pablo"]
[Black "Di Nicolantonio, Lucas"]
[Result "1/2-1/2"]
[WhiteElo "2293"]
[BlackElo "2204"]
[PlyCount "44"]

1. a3 g6 2. d4 Bg7 3. c4 Nf6 4. Nc3 d5 5. Nf3 O-O 6. e3 c6 7. Bd2 Ne4 8. Bd3
Nxd2 9. Qxd2 Bg4 10. cxd5 cxd5 11. Be2 Nc6 12. h3 Bf5 13. b4 e5 14. O-O exd4
15. Nxd4 Nxd4 16. exd4 Rc8 17. Bf3 Rc4 18. Nxd5 Rxd4 19. Qa2 Be6 20. Rad1 Rxd1
21. Rxd1 Qg5 22. Qd2 Qxd2 1/2-1/2

[Event "Championnat de France - Accession"]
[Site "Belfort - SNPHHUATVS"]
[Date "2010.??.??"]
[Round "5.6"]
[White "Netzer, Jacques"]
[Black "Favarel, Julien"]
[Result "1/2-1/2"]
[WhiteElo "2208"]
[BlackElo "2279"]
[PlyCount "53"]

1. e4 c5 2. Nf3 Nc6 3. d4 cxd4 4. Nxd4 Nf6 5. Nc3 e5 6. Ndb5 d6 7. Bg5 a6 8.
Na3 b5 9. Nd5 Be7 10. Bxf6 Bxf6 11. c3 O-O 12. Nc2 Bg5 13. a4 bxa4 14. Rxa4 a5
15. Bc4 Rb8 16. Ra2 Kh8 17. Nce3 Bxe3 18. Nxe3 Ne7 19. O-O f5 20. exf5 Nxf5 21.
Nxf5 Bxf5 22. Qd5 Bg6 23. b3 Bf7 24. Qxa5 Qxa5 25. Rxa5 Bxc4 26. bxc4 Rfc8 27.
Ra6 1/2-1/2

[Event "Championnat de France - Accession"]
[Site "Belfort - SNPHHUATVS"]
[Date "2010.??.??"]
[Round "5.7"]
[White "Sochacki, Wojtek"]
[Black "Stephan, Victor"]
[Result "0-1"]
[WhiteElo "2268"]
[BlackElo "2234"]
[PlyCount "76"]

1. e4 c5 2. Nf3 d6 3. d4 Nf6 4. Nc3 cxd4 5. Nxd4 g6 6. Be3 Bg7 7. f3 Nc6 8. Qd2
h5 9. Bc4 Bd7 10. Bb3 Na5 11. O-O-O Rc8 12. Kb1 a6 13. h3 h4 14. Rhe1 Rh5 15.
Nde2 Nc4 16. Qd3 b5 17. Bxc4 bxc4 18. Qd2 Qa5 19. Bd4 Rh8 20. Bxf6 Bxf6 21. Nd5
Qxd2 22. Nxf6+ exf6 23. Rxd2 Ke7 24. Nc3 Be6 25. Re3 Rh5 26. b3 f5 27. exf5
Rxf5 28. Kb2 Rcc5 29. Re4 g5 30. Rdd4 Rfe5 31. b4 Rc8 32. a4 f5 33. Re2 Rxe2
34. Nxe2 d5 35. Rd2 Kd6 36. Kc3 Bd7 37. Nd4 Re8 38. a5 Re3+ 0-1

[Event "Championnat de France - Accession"]
[Site "Belfort - SNPHHUATVS"]
[Date "2010.??.??"]
[Round "5.8"]
[White "Bujisho, Benjamin"]
[Black "Lamard, Guillaume"]
[Result "0-1"]
[WhiteElo "2418"]
[BlackElo "2143"]
[PlyCount "79"]

1. Nf3 Nf6 2. d4 e6 3. e3 b6 4. Bd3 Bb7 5. O-O c5 6. b3 Be7 7. Bb2 O-O 8. c4
cxd4 9. exd4 d6 10. Re1 Nbd7 11. a4 a6 12. Nbd2 Re8 13. h3 Qc7 14. Bf1 Bf8 15.
a5 b5 16. Re3 bxc4 17. bxc4 Rab8 18. Bc3 e5 19. Rc1 exd4 20. Rxe8 Rxe8 21. Nxd4
Qc5 22. Rb1 Ne4 23. Nxe4 Bxe4 24. Rb3 Qg5 25. Bd2 Qf6 26. Be3 Re5 27. Qg4 Qe7
28. Bd2 h5 29. Qf4 g6 30. Bb4 Kh7 31. Qg3 Bh6 32. Nf3 Re6 33. h4 Nc5 34. Bxc5
dxc5 35. Ng5+ Bxg5 36. Qxg5 Qc7 37. Qd2 Bf5 38. Qb2 Qe5 39. Qxe5 Rxe5 40. Re3
0-1

[Event "Championnat de France - Accession"]
[Site "Belfort - SNPHHUATVS"]
[Date "2010.??.??"]
[Round "5.9"]
[White "Song, Julien"]
[Black "Buscara, Sevan"]
[Result "1/2-1/2"]
[WhiteElo "2347"]
[BlackElo "2259"]
[PlyCount "29"]

1. d4 d5 2. Nf3 Nf6 3. c4 c6 4. Qb3 e6 5. Bg5 Be7 6. Nc3 O-O 7. e3 Nbd7 8. Bd3
a5 9. a3 Nb6 10. O-O dxc4 11. Bxc4 Nxc4 12. Qxc4 b5 13. Qa2 Qb6 14. Rac1 c5 15.
dxc5 1/2-1/2

[Event "Championnat de France - Accession"]
[Site "Belfort - SNPHHUATVS"]
[Date "2010.??.??"]
[Round "5.10"]
[White "Riff, Vincent"]
[Black "Bonn, Thomas"]
[Result "1-0"]
[WhiteElo "2334"]
[BlackElo "2250"]
[PlyCount "63"]

1. d4 Nf6 2. Nf3 e6 3. g3 d5 4. Bg2 Be7 5. O-O O-O 6. c4 Nbd7 7. Nc3 b6 8. cxd5
exd5 9. Ne5 Bb7 10. Qa4 Nb8 11. Rd1 c6 12. Bg5 Nfd7 13. Bf4 Nxe5 14. dxe5 b5
15. Qc2 Qb6 16. Be3 Qa5 17. a3 Na6 18. b4 Qc7 19. Bd4 Qc8 20. Rac1 Nc7 21. e4
a5 22. exd5 cxd5 23. Qb2 axb4 24. Nxb5 Nxb5 25. Rxc8 Rfxc8 26. axb4 Rc4 27. Bc5
Bxc5 28. bxc5 Rxc5 29. Bf1 Bc6 30. Qb4 Rc2 31. Bxb5 Rb8 32. Qd6 1-0